| 000 | 00354cam a22001217a 4500 | ||
|---|---|---|---|
| 008 | 180718b1977 xxu||||| |||| 00| 0 eng d | ||
| 082 | _aT19 V99 | ||
| 100 | _aVyasulu, Vinod | ||
| 245 |
_aThe paradox of static change: lectures on underdevelopment _cby Vinod Vyasulu |
||
| 260 |
_aDelhi _bSterling _c1977 |
||
| 300 | _a168p. | ||
| 650 | _aEconomic development | ||
| 999 |
_c356132 _d356132 |
||